[Event "Enschede op-B U16"]
[Site "Enschede"]
[Date "2009.08.04"]
[Round "3"]
[White "Lardinois, Wouter"]
[Black "Dirksen, Pieter"]
[Result "1-0"]
[WhiteElo "1857"]
[BlackElo "1530"]
[PlyCount "41"]
[EventDate "2009.08.03"]
[EventType "swiss"]
[EventRounds "9"]
[EventCountry "NED"]
[SourceTitle "CBM 132 Extra"]
[Source "ChessBase"]
[SourceDate "2009.11.03"]
[SourceVersion "1"]
[SourceVersionDate "2009.11.03"]
[SourceQuality "1"]

1. e4 e5 2. Nf3 Nc6 3. d4 exd4 4. Bc4 Bc5 5. c3 Nf6 6. cxd4 Bb4+ 7. Bd2 Bxd2+ 8. Nbxd2 d5 9. exd5 Nxd5 10. 0-0 0-0 11. Nb3 Bg4 12. Rc1 Qd6 13. h3 Bh5 14. Qd3 Nf4 15. Qc3 Nb4 16. Qe3 Rae8 17. Ne5 Ng6 18. Nxf7 Rxe3 19. Nxd6+ Kh8 20. fxe3 cxd6 21. g4 1-0

[Event "Enschede op-B U16"]
[Site "Enschede"]
[Date "2009.08.03"]
[Round "1"]
[White "Gunther, Marcella"]
[Black "Dirksen, Pieter"]
[Result "1-0"]
[WhiteElo "1889"]
[BlackElo "1530"]
[PlyCount "38"]
[EventDate "2009.08.03"]
[EventType "swiss"]
[EventRounds "9"]
[EventCountry "NED"]
[SourceTitle "CBM 132 Extra"]
[Source "ChessBase"]
[SourceDate "2009.11.03"]
[SourceVersion "1"]
[SourceVersionDate "2009.11.03"]
[SourceQuality "1"]

1. e4 e5 2. Nf3 Nc6 3. d4 exd4 4. Nxd4 Bc5 5. Be3 Qf6 6. c3 Nge7 7. Bc4 Bb6 8. 0-0 d6 9. f4 0-0 10. Na3 Bd7 11. Nac2 Ng6 12. Qd2 Qe7 13. Bd3 Rae8 14. Rae1 Kh8 15. Rf3 Qd8 16. Rg3 Nce7 17. f5 Ne5 18. Rf1 Ng8 19. Bf4 Nc6 1-0